Central Library OPAC University of Rajshahi

An introduction to energy conversion / (Record no. 14603)

MARC details
000 -LEADER
fixed length control field 00907cam a22002652 4500
001 - CONTROL NUMBER
control field 14603
003 - CONTROL NUMBER IDENTIFIER
rucl marc code BD-RjUL
005 - DATE AND TIME OF LATEST TRANSACTION
control field 20211208235646.0
008 - FIXED-LENGTH DATA ELEMENTS--GENERAL INFORMATION
fixed length control field 140206r19841976ii a b 001 0 eng d
020 ## - INTERNATIONAL STANDARD BOOK NUMBER
International Standard Book Number 0852264518
035 ## - SYSTEM CONTROL NUMBER
System control number (BD-RjUL)14656
-- OCLC ocm03372949 from D970922M
040 ## - CATALOGING SOURCE
Original cataloging agency PUL
Transcribing agency PUL
Modifying agency OCL
-- EQO
-- BD-RjUL
Language of cataloging eng
041 ## - LANGUAGE CODE
Language code of text/sound track or separate title eng
082 04 - DEWEY DECIMAL CLASSIFICATION NUMBER
Edition number 19
Classification number 621
Author mark and year KAI 1984
100 1# - MAIN ENTRY--PERSONAL NAME
Personal name Kadambi, Vedanth,
Dates associated with a name 1936-
9 (RLIN) 45524
245 13 - TITLE STATEMENT
Title An introduction to energy conversion /
Statement of responsibility, etc. by V. Kadambi and Manohar Prasad.
260 ## - PUBLICATION, DISTRIBUTION, ETC. (IMPRINT)
Place of publication, distribution, etc. New Delhi :
Name of publisher, distributor, etc. Wiley Eastern,
Date of publication, distribution, etc. c1976 [Reprinted 1984].
300 ## - PHYSICAL DESCRIPTION
Pagination 1 vol. (239 p.) :
Illustrations ill. ;
Size 25 cm.
504 ## - BIBLIOGRAPHY, ETC. NOTE
Bibliography, etc Includes bibliographical references and index.
505 0# - FORMATTED CONTENTS NOTE
Formatted contents note v. 1. Basic thermodynamics. --V.2.Energy conversion cycles
650 #0 - SUBJECT ADDED ENTRY--TOPICAL TERM
Topical term or geographic name as entry element Power (Mechanics)
9 (RLIN) 15537
Topical term or geographic name as entry element Thermodynamics.
9 (RLIN) 45525
700 1# - ADDED ENTRY--PERSONAL NAME
Personal name Prasad, Manohar.
942 ## - ADDED ENTRY ELEMENTS (KOHA)
Source of classification or shelving scheme Dewey Decimal Classification
Koha item type Books
Holdings
Lost status Source of classification or shelving scheme Materials specified (bound volume or other part) Damaged status Not for loan Collection code Permanent Location Current Location Shelving location Date acquired Source of acquisition Cost, normal purchase price Total Checkouts Full call number Date last seen Copy number Koha item type
  Dewey Decimal Classification V-1     Non-fiction Central Library, University of Rajshahi Central Library, University of Rajshahi   22/06/1986 Karim International 30.00   621 KAI 1984 06/02/2014 C-3 Books
  Dewey Decimal Classification V-1     Non-fiction Central Library, University of Rajshahi Central Library, University of Rajshahi   22/06/1986 Karim International 30.00   621 KAI 1984 08/02/2014 C-5 Books
  Dewey Decimal Classification     Not For Loan Non-fiction Central Library, University of Rajshahi Central Library, University of Rajshahi Reading Room 08/12/2021 Karim International. 30.00   621 KAI V-1 1984 16/03/2017 C-1 Books
  Dewey Decimal Classification     Not For Loan Non-fiction Central Library, University of Rajshahi Central Library, University of Rajshahi Reading Room 22/06/1986 Karim int. 30.00   621 KAI V-2 1984 28/05/2017 C-1 Books
  Dewey Decimal Classification       Non-fiction Central Library, University of Rajshahi Central Library, University of Rajshahi   22/06/1986 Karim int. 30.00   621 KAI V-2 1984 28/05/2017 C-2 Books
  Dewey Decimal Classification       Non-fiction Central Library, University of Rajshahi Central Library, University of Rajshahi   22/06/1986 Karim int. 30.00   621 KAI V-1 1984 28/05/2017 C-2 Books